02328nam a2200421 a 4500001001200000003000800012006001900020007001500039008004100054020001800095020001500113040002100128035002100149043001200170050002500182110013100207245038000338260005700718300002500775504004100800505028300841533015201124650002901276650002701305650004101332650006501373650002501438650004701463650004301510655002901553700003201582700002601614710006801640710003601708710001701744856012601761999001901887ebr10203746CaPaEBRm u cr cn|||||||||081023s2008 dcua sb 000 0 eng d z9780309110464 z0309110467 aCaPaEBRcCaPaEBR a(OCoLC)290501829 an-us---14aRA644.I6bI57 2008eb2 aInstitute of Medicine (U.S.).bCommittee on Personal Protective Equipment for Healthcare Workers During an Influenza Pandemic.10aPreparing for an influenza pandemich[electronic resource] :bpersonal protective equipment for healthcare workers /cCommittee on Personal Protective Equipment for Healthcare Workers During an Influenza Pandemic ; Board on Health Sciences Policy, Institute of Medicine ; Lewis R. Goldfrank and Catharyn T. Liverman, editors ; Institute of Medicine of the National Academies. aWashington, D.C. :bNational Academies Press,c2008. axiii, 191 p. :bill. aIncludes bibliographical references.0 aIntroduction --- Understanding the risk of influenza to healthcare workers --- Designing and engineering effective PPE --- Using PPE: individual and institutional issues --- Certifying and regulating healthcare PPE: defining an integrated system --- Moving forward with urgency. aElectronic reproduction.bPalo Alto, Calif. :cebrary,d2013.nAvailable via World Wide Web.nAccess may be limited to ebrary affiliated libraries. 0aInfluenzaxEpidemiology. 0aEpidemicsxPrevention. 0aEmergency managementzUnited States. 0aEmergency medical personnelzUnited StatesxSafety measures. 0aProtective clothing. 0aIndustrial safetyxEquipment and supplies. 0aEmergency managementxSafety measures. 7aElectronic books.2local1 aGoldfrank, Lewis R.,d1941-1 aLiverman, Catharyn T.2 aInstitute of Medicine (U.S.).bBoard on Health Sciences Policy.2 aNational Academies Press (U.S.)2 aebrary, Inc.40uhttp://site.ebrary.com/lib/rucke/Doc?id=10203746zAn electronic book accessible through the World Wide Web; click to view c121477d121477